[Event "Prague Mencik Memorial 6th"]
[Site "Prague"]
[Date "2023.09.24"]
[Round "1"]
[White "Burdalev, Kirill"]
[Black "Partl, Miloslav"]
[Result "1-0"]
[WhiteElo "2309"]
[BlackElo "1810"]
[PlyCount "63"]
[EventDate "2023.09.24"]
[EventType "swiss"]
[EventRounds "9"]
[EventCountry "CZE"]
[SourceTitle "EXT 2024"]
[Source "ChessBase"]
[SourceDate "2023.10.10"]
[SourceVersion "1"]
[SourceVersionDate "2023.10.10"]
[SourceQuality "1"]

1. d4 Nf6 2. c4 d5 3. cxd5 Nxd5 4. Nf3 Bg4 5. Qb3 Bxf3 6. Qxf3 c6 7. e3 Nd7 8. Bc4 N7b6 9. Bb3 e6 10. 0-0 Be7 11. e4 Nf6 12. Rd1 0-0 13. Nc3 Qc7 14. Bf4 Qc8 15. Rac1 Ne8 16. d5 exd5 17. exd5 Qf5 18. d6 Bg5 19. Bxg5 Qxg5 20. Ne4 Qh6 21. d7 Nf6 22. Nd6 Nbxd7 23. Nxf7 Rxf7 24. Bxf7+ Kxf7 25. Rxd7+ Ke8 26. Rdd1 Rd8 27. Qb3 Rxd1+ 28. Rxd1 Nd5 29. Qxb7 Qf6 30. Re1+ Kf8 31. Qc8+ Kf7 32. Qb8 1-0

[Event "Liberec Region-chT 2223"]
[Site "Czech Republic"]
[Date "2022.10.30"]
[Round "2.2"]
[White "Vltavsky, Vladimir"]
[Black "Partl, Miloslav"]
[Result "1-0"]
[WhiteElo "2064"]
[BlackElo "1844"]
[PlyCount "155"]
[EventDate "2022.10.09"]
[EventType "team-tourn"]
[EventRounds "11"]
[EventCountry "CZE"]
[SourceTitle "EXT 2024"]
[Source "ChessBase"]
[SourceDate "2023.10.10"]
[SourceVersion "1"]
[SourceVersionDate "2023.10.10"]
[SourceQuality "1"]

1. e4 d6 2. d4 Nf6 3. Nc3 c6 4. a4 a5 5. Nf3 Na6 6. h3 g6 7. Be2 Nc7 8. 0-0 Bg7 9. Be3 0-0 10. Nd2 Bd7 11. Bf3 Rb8 12. Nb3 b6 13. e5 Nfe8 14. Bf4 f6 15. exd6 Nxd6 16. Re1 Ne6 17. Bh2 Ng5 18. Be2 Rc8 19. Ba6 Ra8 20. Bf1 Ra7 21. Nd2 Bf5 22. f4 Ngf7 23. Nf3 Re8 24. Qd2 Bd7 25. Rad1 b5 26. b3 b4 27. Na2 f5 28. Ne5 Ne4 29. Qe3 Nfd6 30. Kh1 Qc7 31. Bg1 Raa8 32. Qf3 Be6 33. Qe3 Bd5 34. Kh2 Rf8 35. Be2 e6 36. Bf3 Qe7 37. g3 Kh8 38. Rf1 Rac8 39. Nd3 Bh6 40. h4 Rg8 41. Bf2 Rg7 42. Be1 Rcg8 43. Rg1 g5 44. fxg5 Bxg5 45. hxg5 Rxg5 46. Nf4 Qg7 47. Nxd5 Qh6+ 48. Kg2 cxd5 49. Bxe4 Nxe4 50. Rd3 Rxg3+ 51. Bxg3 f4 52. Qe1 Nxg3 53. Qe5+ Rg7 54. Qb8+ Rg8 55. Qe5+ Rg7 56. Rf3 Ne2+ 57. Kf1 Nxg1 58. Qxf4 Qxf4 59. Rxf4 Nh3 60. Rf6 Rg6 61. Rf8+ Kg7 62. Ra8 h5 63. Rxa5 h4 64. Ra7+ Kh6 65. Nxb4 Nf4 66. Rf7 Kg5 67. Nd3 Nh5 68. Kg2 Ng3 69. Ne5 Rg8 70. Kh3 Nf5 71. c3 Kf4 72. Nd3+ Ke3 73. Nc5 Rg3+ 74. Kh2 Ng7 75. a5 Kd2 76. a6 Nf5 77. a7 Ne3 78. a8Q 1-0

[Event "Prague Golden Rapid op 17th"]
[Site "Prague"]
[Date "2022.07.09"]
[Round "5"]
[White "Toman, Jan"]
[Black "Partl, Miloslav"]
[Result "1-0"]
[WhiteElo "2071"]
[BlackElo "1852"]
[PlyCount "131"]
[EventDate "2022.07.09"]
[EventType "swiss (rapid)"]
[EventRounds "7"]
[EventCountry "CZE"]
[SourceTitle "CBM 209 Extra"]
[Source "ChessBase"]
[SourceDate "2022.09.30"]
[SourceVersion "1"]
[SourceVersionDate "2022.09.30"]
[SourceQuality "1"]

1. d4 Nf6 2. c4 g6 3. Nc3 Bg7 4. e4 d6 5. Be2 0-0 6. Nf3 c6 7. 0-0 Na6 8. Be3 Ng4 9. Bg5 Nc7 10. h3 Nf6 11. Qd2 Bd7 12. Rad1 b5 13. e5 Nfe8 14. cxb5 Nxb5 15. Ne4 f6 16. exf6 exf6 17. Bf4 d5 18. Nc5 Nbd6 19. Rc1 Ne4 20. Qe3 Nxc5 21. Rxc5 Nc7 22. Bg3 Re8 23. Qd2 Ne6 24. Rc2 Ng5 25. Nxg5 fxg5 26. Rd1 h6 27. Bd3 Re6 28. Bf1 Qf6 29. Qa5 Qd8 30. Bc7 Qf8 31. Ba6 Rae8 32. Bf1 Re4 33. Qxa7 Re1 34. Rxe1 Rxe1 35. Ba5 Bf5 36. Bxe1 Bxc2 37. Bc3 Qf4 38. Qa8+ Kh7 39. Qxc6 g4 40. hxg4 Qxg4 41. Qxd5 Qd1 42. Qc4 h5 43. Qe2 Qc1 44. Qd2 Qb1 45. a3 h4 46. d5 h3 47. gxh3 Bf5 48. Bxg7 Kxg7 49. Qc3+ Kh7 50. d6 Qd1 51. Qg3 Kh6 52. b4 g5 53. Qe3 Qxd6 54. h4 Qd7 55. Qxg5+ Kh7 56. Qh5+ Kg7 57. Qg5+ Kh7 58. a4 Bg6 59. b5 Qd1 60. a5 Qb1 61. b6 Bd3 62. Qe7+ Kh6 63. Qd6+ Bg6 64. a6 Qf5 65. a7 Qg4+ 66. Qg3 1-0

[Event "Czechia KP-chTA 0607"]
[Site "Czech Republic"]
[Date "2007.03.18"]
[Round "10.6"]
[White "Bulva, Stanislav"]
[Black "Partl, Miloslav"]
[Result "1-0"]
[WhiteElo "1920"]
[BlackElo "1711"]
[PlyCount "33"]
[EventDate "2006.10.29"]
[EventType "team"]
[EventRounds "11"]
[EventCountry "CZE"]
[SourceTitle "EXT 2008"]
[Source "ChessBase"]
[SourceDate "2007.11.25"]
[SourceVersion "1"]
[SourceVersionDate "2007.11.25"]
[SourceQuality "1"]
[WhiteTeam "Kralupy nad Vltavou"]
[BlackTeam "Tisice"]
[WhiteTeamCountry "CZE"]
[BlackTeamCountry "CZE"]

1. e4 d6 2. d4 Nf6 3. Nc3 g6 4. Nf3 Bg7 5. Bg5 h6 6. Bxf6 exf6 7. Bc4 Be6 8. Bxe6 fxe6 9. Qd3 Kf7 10. 0-0 Nc6 11. d5 Ne5 12. Nxe5+ dxe5 13. dxe6+ Ke7 14. Qc4 c6 15. Rad1 Qb6 16. Rd7+ Kf8 17. Rfd1 1-0

[Event "Czechia KP-chTA 0607"]
[Site "Czech Republic"]
[Date "2007.02.04"]
[Round "7.6"]
[White "Partl, Miloslav"]
[Black "Blazek, Jaroslav"]
[Result "1/2-1/2"]
[WhiteElo "1711"]
[BlackElo "1757"]
[PlyCount "94"]
[EventDate "2006.10.29"]
[EventType "team"]
[EventRounds "11"]
[EventCountry "CZE"]
[SourceTitle "EXT 2008"]
[Source "ChessBase"]
[SourceDate "2007.11.25"]
[SourceVersion "1"]
[SourceVersionDate "2007.11.25"]
[SourceQuality "1"]
[WhiteTeam "Tisice"]
[BlackTeam "Kladno II"]
[WhiteTeamCountry "CZE"]
[BlackTeamCountry "CZE"]

1. e4 d6 2. d4 Nf6 3. Bd3 g6 4. c4 c6 5. Nc3 Bg7 6. Nge2 0-0 7. f3 Nbd7 8. Qc2 e5 9. d5 c5 10. g4 a6 11. h4 h5 12. Bg5 Qc7 13. Ng3 Rb8 14. a4 Qa5 15. Bd2 Qc7 16. gxh5 Nxh5 17. Nxh5 gxh5 18. Ne2 Nf6 19. Ng3 Kh7 20. f4 Rg8 21. f5 Bh6 22. Bxh6 Kxh6 23. Qd2+ Kh7 24. Kf2 Bd7 25. Qe2 Kh6 26. Qe3+ Kh7 27. Qf3 Qa5 28. Nxh5 Qd2+ 29. Be2 Ng4+ 30. Qxg4 Rxg4 31. Nf6+ Kh8 32. Nxg4 Rg8 33. Rhg1 Qf4+ 34. Bf3 Qd2+ 35. Be2 Qd4+ 36. Kf3 Bxa4 37. Ne3 Rxg1 38. Rxg1 Bc2 39. Rg4 Qxb2 40. f6 Qb1 41. Nf5 Bd1 42. Nxd6 Bxe2+ 43. Kxe2 Qc2+ 44. Kf3 Qd1+ 45. Kg3 Qe1+ 46. Kg2 Qe2+ 47. Kg3 Qe1+ 1/2-1/2